1790 1397 1592 1307 1308 1374 1818 1011 1977 1630 1093 1984 1832 1540 1410 1395 1073 1460 1210 1470 1485 1170 1890 1426 1959 1670 1080 1285 1840 1275 1205 1450 1463 1945 1677 1191 1258 1464 1542 1014 1946 1553 1338 1938 1664 1428 1883 1147 1788 1018 1505 1627 1571 1913 1981 1614 1612 1952 1004 1127 1101 1537 1433 1329 1775 1686 1558 1043 1403 1242 1883 1308 1022 1444 1149 1695 1126 1234 1916 1781 1912 1970 1779 1600 1970 1564 1699 1347 1133 1748 1362 1532 1675 1049 1330 1280 1296 1712 1263 BCNSPRNW ULIB Ver.6.0+V

เปลี่ยนเป็นภาษาไทย

Change to English
 แสดงรายละเอียดบรรณานุกรม
  กลับหน้าหลัก

Brief Record : Get Marc (ISO 2709) : E-mail record : QR code < ปิดหน้าต่าง
LEADER : 00000nam 2200000uu 4500
001    13399126145
003     ULIB
008    180612s2560||||th 000 0 tha d
020    ^a9786167829920
060    ^aWL140^bศ812ห
110    ^aศูนย์ความเป็นเลิศทางการแพทย์โรคพาร์กินสัน และกลุ่มโรคความเคลื่อนไหวผิดปกติ โรงพยาบาลจุฬาลงกรณ์ สภากาชาดไทย
245    ^aหนังสือคู่มือ หมอพาร์กินสัน Second Edition/^cศูนย์ความเป็นเลิศทางการแพทย์โรคพาร์กินสัน และกลุ่มโรคความเคลื่อนไหวผิดปกติ โรงพยาบาลจุฬาลงกรณ์ สภากาชาดไทย
250    ^aพิมพ์ครั้งที่ 2
260    ^aกรุงเทพฯ :^bศูนย์ความเป็นเลิศทางการแพทย์โรคพาร์กินสัน และกลุ่มโรคความเคลื่อนไหวผิดปกติ โรงพยาบาลจุฬาลงกรณ์ สภากาชาดไทย,^c2560
300    ^a180 หน้า;^b19 ซม.
650    ^aโรคพาร์กินสัน
945    ^p399^l0^i26129
945    ^p399^l0^i26130
945    ^p399^l0^i26131
945    ^p399^l0^i26132
945    ^p399^l0^i26133
945    ^p399^l0^i26134
945    ^p399^l0^i26135
945    ^p399^l0^i26136
945    ^p399^l0^i26137
945    ^p399^l0^i26138
999    ^aกัณชพร จุลอักษร
รายการนี้ยังไม่มีแท็ก
คุณยังไม่ได้ล็อกอิน คุณสามารถมีกิจกรรมร่วมกับเว็บไซต์ได้ แต่ต้องล็อกอินก่อน ::
  ล็อกอิน

รายการสื่อสารสนเทศ

ลำดับที่ ประเภท เลขเรียก/บาร์โค้ด สถานที่ สถานะ
1. หนังสือสำรอง
หนังสือสำรอง
WL140 ศ812ห ฉ.1 
  Barcode: 26129
ห้องสมุดวิทยาเขตนครสวรรค์
►หนังสือทั่วไป:l:General Books
บนชั้น
2. วิทยาศาสตร์การแพทย์ และสุขภาพ
วิทยาศาสตร์การแพทย์ และสุขภาพ
WL140 ศ812ห ฉ.10 
  Barcode: 26138
ห้องสมุดวิทยาเขตนครสวรรค์
►หนังสือทั่วไป:l:General Books
บนชั้น
3. วิทยาศาสตร์การแพทย์ และสุขภาพ
วิทยาศาสตร์การแพทย์ และสุขภาพ
WL140 ศ812ห ฉ.2 
  Barcode: 26130
ห้องสมุดวิทยาเขตนครสวรรค์
►หนังสือทั่วไป:l:General Books
บนชั้น
4. วิทยาศาสตร์การแพทย์ และสุขภาพ
วิทยาศาสตร์การแพทย์ และสุขภาพ
WL140 ศ812ห ฉ.3 
  Barcode: 26131
ห้องสมุดวิทยาเขตนครสวรรค์
►หนังสือทั่วไป:l:General Books
บนชั้น
5. วิทยาศาสตร์การแพทย์ และสุขภาพ
วิทยาศาสตร์การแพทย์ และสุขภาพ
WL140 ศ812ห ฉ.4 
  Barcode: 26132
ห้องสมุดวิทยาเขตนครสวรรค์
►หนังสือทั่วไป:l:General Books
บนชั้น
6. วิทยาศาสตร์การแพทย์ และสุขภาพ
วิทยาศาสตร์การแพทย์ และสุขภาพ
WL140 ศ812ห ฉ.5 
  Barcode: 26133
ห้องสมุดวิทยาเขตนครสวรรค์
►หนังสือทั่วไป:l:General Books
บนชั้น
7. วิทยาศาสตร์การแพทย์ และสุขภาพ
วิทยาศาสตร์การแพทย์ และสุขภาพ
WL140 ศ812ห ฉ.6 
  Barcode: 26134
ห้องสมุดวิทยาเขตนครสวรรค์
►หนังสือทั่วไป:l:General Books
บนชั้น
8. วิทยาศาสตร์การแพทย์ และสุขภาพ
วิทยาศาสตร์การแพทย์ และสุขภาพ
WL140 ศ812ห ฉ.7 
  Barcode: 26135
ห้องสมุดวิทยาเขตนครสวรรค์
►หนังสือทั่วไป:l:General Books
บนชั้น
9. วิทยาศาสตร์การแพทย์ และสุขภาพ
วิทยาศาสตร์การแพทย์ และสุขภาพ
WL140 ศ812ห ฉ.8 
  Barcode: 26136
ห้องสมุดวิทยาเขตนครสวรรค์
►หนังสือทั่วไป:l:General Books
บนชั้น
10. วิทยาศาสตร์การแพทย์ และสุขภาพ
วิทยาศาสตร์การแพทย์ และสุขภาพ
WL140 ศ812ห ฉ.9 
  Barcode: 26137
ห้องสมุดวิทยาเขตนครสวรรค์
►หนังสือทั่วไป:l:General Books
บนชั้น

รายการใกล้เคียง
    หัวเรื่อง [โรคพาร์กินสัน]

BibComment


ยังไม่เคยถูกคอมเมนท์

คอมเมนท์ทรัพยากรรายการนี้
  คอมเมนท์: หนังสือคู่มือ หม..


 Copyright 2026. Bcnsprnw @Library